| 000 | 01285nam0a22003011 4500 | ||
|---|---|---|---|
| 001 | rc\551580 | ||
| 005 | 20030616170144.2 | ||
| 035 | _a(NLR Aleph) 005787278 | ||
| 090 |
_a5159624 _c5159624 |
||
| 100 | _a20030616d1987 u |0rusy50 ca | ||
| 101 | 0 | _arus | |
| 102 | _aRU | ||
| 105 | _ay ||||||||| | ||
| 200 | 1 |
_aЖ. Гайяр. Ученые развивающихся стран _dGaillard J. Les cherchers des pays eu developpement _eРеферат _f[К. э. н. Г.Д. Данилин] |
|
| 210 |
_aМ. _cИНИОН _d1987 |
||
| 215 |
_a18 с. _d20 |
||
| 225 | 1 |
_aСпециализированная информация _fАН СССР, ИНИОН _v№ 99/1052 |
|
| 300 | _aНа тит. л. сведения о реф. изд.: Recherche P., 1987. - Vol. 18, № 189-P860-870 | ||
| 510 | 0 | _aGaillard J. Les cherchers des pays eu developpement | |
| 517 | 0 | _aУченые развивающихся стран | |
| 701 | 1 |
_aДанилин _bГ. Д. _gГеннадий Дмитриевич |
|
| 702 | 1 |
_aГайяр _bЖ. _4100 |
|
| 712 | 0 | 2 |
_aИнститут науч. информации по общественным наукам _cМосква _3RU\NLR\AUTH\88992 |
| 801 | 0 |
_aRU _bNLR _gpsbo |
|
| 801 | 1 |
_aRU _bELAR _2rusmarc |
|
| 852 |
_aNLR _j88-8/1454 |
||
| 942 | _cBOOK | ||
| 980 | _aNB | ||